Central Library OPAC University of Rajshahi

পাকিস্থানের সূফী-সাধক / (Record no. 40647)

MARC details
000 -LEADER
fixed length control field 00937nam a2200241 a 4500
001 - CONTROL NUMBER
control field 40647
003 - CONTROL NUMBER IDENTIFIER
rucl marc code BD-RjUL
005 - DATE AND TIME OF LATEST TRANSACTION
control field 20211209053247.0
008 - FIXED-LENGTH DATA ELEMENTS--GENERAL INFORMATION
fixed length control field 160507s1965 bg ||||| b||| 00| 0 ben d
020 ## - INTERNATIONAL STANDARD BOOK NUMBER
Terms of availability : PRs. 2.00
035 ## - SYSTEM CONTROL NUMBER
System control number (BD-RjUL)40762
040 ## - CATALOGING SOURCE
Original cataloging agency BD-RjUL
Language of cataloging ben
Transcribing agency BD-RjUL
041 ## - LANGUAGE CODE
Language code of text/sound track or separate title ben
082 ## - DEWEY DECIMAL CLASSIFICATION NUMBER
Edition number 23
Classification number 297.4092
Author mark and year ROP 1965
100 ## - MAIN ENTRY--PERSONAL NAME
Personal name রশীদ, আ . ন . ম .বজলুর
9 (RLIN) 125074
245 10 - TITLE STATEMENT
Title পাকিস্থানের সূফী-সাধক /
Statement of responsibility, etc. আ . ন . ম .বজলুর রশীদ
260 ## - PUBLICATION, DISTRIBUTION, ETC. (IMPRINT)
Place of publication, distribution, etc. ঢাকা :
Name of publisher, distributor, etc. জাতীয় পূনর্গঠন সংস্থা,
Date of publication, distribution, etc. ১৯৬৫
300 ## - PHYSICAL DESCRIPTION
Pagination [৮], ১৬৮ পৃ. ;
Size ২১ সেমি.
504 ## - BIBLIOGRAPHY, ETC. NOTE
Bibliography, etc গ্রন্থপঞ্জী সংযুক্ত ।
650 ## - SUBJECT ADDED ENTRY--TOPICAL TERM
Topical term or geographic name as entry element সূফী
Geographic subdivision পাকিস্থান
9 (RLIN) 125075
Form subdivision জীবনী
Topical term or geographic name as entry element Sufis
Geographic subdivision Pakistan
9 (RLIN) 125076
Form subdivision Biography
942 ## - ADDED ENTRY ELEMENTS (KOHA)
Source of classification or shelving scheme Dewey Decimal Classification
Koha item type Books
Holdings
Lost status Source of classification or shelving scheme Damaged status Not for loan Collection code Permanent Location Current Location Shelving location Date acquired Source of acquisition Cost, normal purchase price Total Checkouts Full call number Date last seen Copy number Koha item type
  Dewey Decimal Classification     Non-fiction Central Library, University of Rajshahi Central Library, University of Rajshahi   08/02/1967 Nawroge 2.00   B 297.4092 ROP 1965 07/05/2016 C-2 Books